| 000 | 00527nam a2200169Ia 4500 | ||
|---|---|---|---|
| 008 | 151021s9999 xx 000 0 und d | ||
| 020 | _a9.7808242111e+012 | ||
| 050 | _aZ 695 .Z8S43 2010 | ||
| 245 | _a_Sears List of Subject Headings Miller, Joseph | ||
| 250 | _a20th ed. | ||
| 260 | _aNew York The H.W.Wilson Company 2010 | ||
| 300 | _aliii,847p,;ill | ||
| 500 | _aIncludes index and bibliography | ||
| 650 | _a_The purpose of subject Cataloging | ||
| 700 | _a_Susan McCarthy | ||
| 980 | _a^d20120130 09:41:35^oanne | ||
| 999 |
_c8783 _d8783 |
||